joueurs tennis francais - Statistiques

Statistiques générales
  • Ce quiz a été pris 52 fois
  • Le résultat moyen est 7 sur 12
Statistiques - réponses
classement ATP Réponse % Correct
74eme (737 pts) Gaël Monfils
94%
20eme (1765 pts) Ugo Humbert
94%
36eme (1158 pts) Arthur Fils
92%
22eme (1755 pts) Adrian Mannarino
88%
76eme (735 pts) Richard Gasquet
73%
96eme (656 pts) Arthur Rinderknech
58%
90eme (687 pts) Luca Van Assche
58%
73eme (738 pts) Benjamin Bonzi
46%
84eme (708 pts) Grégoire Barrère
38%
81eme (714 pts) Alexandre Muller
35%
100eme (640 pts) Quentin Halys
33%
87eme (699 pts) Constant Lestienne
31%
Aucun quiz correspondant
Distribution des résultats
% des personnes avec chaque résultat
Percentile par nombre de réponses
Votre historique - résultats
Vous n’avez pas pris ce quiz